000 00477nam a2200181Ia 4500
005 20250326141242.0
008 250326s9999 xx 000 0 und d
037 _aTextbook
040 _aFMSL
_beng
_cFMSL
041 _aeng
_2eng
084 _qFMSL
100 _aGulshan S S
245 0 _aConsumer protection and satisfaction
_cGulshan S S
260 _aNew Delhi
_bNew Delhi, Wiley Eastern Ltd.
_c1994
300 _a371p
942 _cTB
999 _c1289441
_d1289441